000 00389 a2200157 4500
001 60549
020 _a8502038168
040 _cAnchieta - Pituba
100 _aColussi, Eliane Lucia
240 1 0 _aA maçonaria brasileira no século XIX
_lpor
245 1 0 _aA maçonaria brasileira no século XIX
300 _a47
362 0 _a2002
650 4 _aAssociações / Maçonaria
942 _cBK
999 _c60549
_d60549